Pedagogickopsychologické aspekty efektívneho riadenia samostatnej práce študujúcich popri zamestnaní na vysokých školách Výskumná štúdia
Saved in:
| Main Author: | |
|---|---|
| Other Authors: | |
| Format: | Book |
| Language: | Slovak |
| Published: |
Bratislava
Ústav rozvoja vysokých škôl SSR
1987
|
| Tags: |
No Tags, Be the first to tag this record!
|
MARC
| LEADER | 00000nam a2200000 4500 | ||
|---|---|---|---|
| 001 | c026733 | ||
| 005 | 20251111085825.9 | ||
| 041 | 0 | |a slo | |
| 044 | |a SK | ||
| 245 | 1 | 0 | |a Pedagogickopsychologické aspekty efektívneho riadenia samostatnej práce študujúcich popri zamestnaní na vysokých školách |b Výskumná štúdia |c Eva Gajdošová, Elena Malíková |
| 264 | 1 | |a Bratislava |b Ústav rozvoja vysokých škôl SSR |c 1987 | |
| 300 | |a 107 s. | ||
| 100 | 1 | |a Gajdošová, Eva | |
| 700 | 1 | |a Malíková, Elena | |